| 000 | 00454nam a22001457a 4500 | ||
|---|---|---|---|
| 005 | 20140310183647.0 | ||
| 008 | 140109b xxu||||| |||| 00| 0 eng d | ||
| 020 | _a0199847846 | ||
| 050 |
_aPR 131 _b.Ox94 2000 |
||
| 245 |
_aThe Oxford guide to literature in English translation. / _cedited by Peter France. |
||
| 260 |
_aUnited States : _bOxford University Press, _c2000. |
||
| 300 |
_a656 p. : _bill. ; _c24 cm. |
||
| 942 |
_2lcc _cBK _kFOR |
||
| 999 |
_c25960 _d25960 |
||